00624nam a2200193Ia 4500008004100000020001500041082001300056100001900069245002700088250000800115260002500123300001400148500002400162650001200186942000700198952010400205952010400309999001700413230524s9999 xx 000 0 und d a1584503963 a5.8bSMI aPeter G. Smith 0aLinux Network security a1ST aMUMBAIbShroffc2005 aXVIII;541 aQuantity Number: 2 aComp-Sc cBK 00104070aTATCLbTATCLcGENd2023-05-24l0o005.8 SMIp6647r2023-05-24w2023-05-24yBKzBCSE3101 00104070aTATCLbTATCLcGENd2023-05-24l0o005.8 SMIp6648r2023-05-24w2023-05-24yBKzBCSE3101 c15610d15610